Balıklar - Armageddon - Statistics

General Stats
  • This quiz has been taken 74 times
  • The average score is 6 of 26
Answers on the Grid
Answers color-coded by a green-red scale on the quiz's grid according to % correct below.
Levrek
Mors
Palamut
Berlam
Denizanası
Bakalyaro
İstiridye
Sazan
Mığrı
Zargana
Çotira
Eşkina
Tirsi
Balina
Pirana
Denizkestanesi
Istakoz
Çipura
Kefal
Dugong
İzmarit
Kalamar
Sinarit
Narval
Mezgit
Yunus
Kupes
Lipsoz
Denizyıldızı
Karides
Lüfer
İstavrit
Ahtapot
Hamsi
Kolyoz
Perca
Yengeç
Sardalya
Tetra
Uskumru
 
Answer Stats
Answer % Correct
Levrek
84%
Palamut
57%
Sazan
46%
Hamsi
35%
Mezgit
35%
Çipura
30%
Kefal
30%
Lüfer
30%
İstavrit
27%
Sardalya
27%
Uskumru
27%
Zargana
27%
Pirana
16%
Kolyoz
14%
Tirsi
14%
Çotira
11%
Sinarit
11%
Mığrı
8%
Tetra
8%
Bakalyaro
5%
Berlam
5%
Eşkina
5%
İzmarit
5%
Kupes
5%
Lipsoz
5%
Perca
5%
No matching quizzes found
Score Distribution
Percent of People with Each Score
Percentile by Number Answered
Your Score History
You have not taken this quiz